| 000 | 00746nam a2200241 4500 | ||
|---|---|---|---|
| 003 | OSt | ||
| 005 | 20240607025538.0 | ||
| 006 | a | ||
| 008 | 240607b |||||||| |||| 00| 0 eng d | ||
| 020 | _a9789713704078 | ||
| 040 |
_aDWCL-Main lib. _cOC |
||
| 082 | _aFil. 005.369 V834 2011 | ||
| 110 | _aJemma Development Group | ||
| 245 | _aVisual guide : Microsoft Excel 2010 / | ||
| 260 |
_aS.l. : _bJemma Development Group, _cc2011. |
||
| 300 |
_aix, _b158 p. : ill. ; _c26 cm. |
||
| 504 | _aIncludes bibliographical references. | ||
| 650 | _a1. Microsoft Excel (Computer file). | ||
| 650 | _a2. Business–Computer programs. | ||
| 650 | _a3. Electronic spreadsheets. | ||
| 710 | _aJemma Development Group | ||
| 942 |
_2ddc _n0 _cBK - FIL _kFil. |
||
| 999 |
_c341 _d341 |
||